000
00237nam a2200097Ia 4500
008
190911s9999||||xx |||||||||||||| ||und||
100
_a
Geroge Fuller
245
0
_a
Supervisor's Portable Answer Book
260
_a
USA
_b
CRC
_c
1990
300
_a
374
999
_c
7048
_d
7048